<?xml version="1.0" encoding="UTF-8"?>
<record
    xmlns:xsi="http://www.w3.org/2001/XMLSchema-instance"
    xsi:schemaLocation="http://www.loc.gov/MARC21/slim http://www.loc.gov/standards/marcxml/schema/MARC21slim.xsd"
    xmlns="http://www.loc.gov/MARC21/slim">

  <leader>01947nam a2200289uu 4500</leader>
  <controlfield tag="001">1175622</controlfield>
  <controlfield tag="005">20260507134735.0</controlfield>
  <controlfield tag="007">cr|||||||</controlfield>
  <controlfield tag="008">091026e20091026                    spa  </controlfield>
  <datafield tag="035" ind1=" " ind2=" ">
    <subfield code="a">1175622</subfield>
  </datafield>
  <datafield tag="040" ind1=" " ind2=" ">
    <subfield code="c">comduadb</subfield>
  </datafield>
  <datafield tag="041" ind1=" " ind2=" ">
    <subfield code="a">spa</subfield>
  </datafield>
  <datafield tag="080" ind1=" " ind2=" ">
    <subfield code="a">PQU</subfield>
  </datafield>
  <datafield tag="100" ind1="1" ind2="0">
    <subfield code="a">Valencia Valencia, &#xC1;ngela Mar&#xED;a</subfield>
    <subfield code="4">aut</subfield>
    <subfield code="e">aut</subfield>
    <subfield code="9">583542</subfield>
  </datafield>
  <datafield tag="245" ind1="1" ind2="0">
    <subfield code="a">Optimizaci&#xF3;n y aplicaci&#xF3;n de un m&#xE9;todo de evaluaci&#xF3;n de impactos ambientales en las &#xE1;reas productivas de Kimberly Clark Antioquia Global S.A., como parte de la implementaci&#xF3;n de la pol&#xED;tica institucional EHS (Sistema de Gesti&#xF3;n en Medio Ambiente, Salud y Seguridad)</subfield>
  </datafield>
  <datafield tag="260" ind1=" " ind2=" ">
    <subfield code="a">Medell&#xED;n :</subfield>
    <subfield code="b">[sin publicador],</subfield>
    <subfield code="c">2009.</subfield>
  </datafield>
  <datafield tag="300" ind1=" " ind2=" ">
    <subfield code="a">49 p&#xE1;ginas</subfield>
  </datafield>
  <datafield tag="520" ind1="3" ind2=" ">
    <subfield code="a">En este trabajo se presenta el procedimiento y los resultados de la evaluaci&#xF3;n de impactos ambientales en la nueva planta de producci&#xF3;n de papel Kimberly Clark Antioquia Global S.A. El estudio se realiz&#xF3; en las &#xE1;reas de conversi&#xF3;n, efluentes, RF (fibra reciclada), TM (m&#xE1;quina de pa&#xF1;uelos de papel), y montacargas. Los impactos ambientales en cada &#xE1;rea se evaluaron mediante un indicador cuantitativo unificado (personas equivalentes), adem&#xE1;s se realiz&#xF3; una evaluaci&#xF3;n cualitativa, donde se consideraron la naturaleza, duraci&#xF3;n, intensidad, extensi&#xF3;n (puntual, local o regional) y reversibilidad de cada impacto ambiental, con el prop&#xF3;sito de priorizar dichos impactos. En base a los resultados de las evaluaciones cuantitativa y cualitativa, se plantearon trabajos por &#xE1;reas en busca de la minimizaci&#xF3;n de los impactos ambientales.</subfield>
  </datafield>
  <datafield tag="650" ind1=" " ind2=" ">
    <subfield code="a">Evaluaci&#xF3;n de impacto</subfield>
    <subfield code="9">130839</subfield>
  </datafield>
  <datafield tag="650" ind1=" " ind2="7">
    <subfield code="a">Impacto ambiental</subfield>
    <subfield code="2">lemb</subfield>
    <subfield code="9">108862</subfield>
  </datafield>
  <datafield tag="650" ind1=" " ind2=" ">
    <subfield code="a">Colombiana Kimberly - Colpapel (Empresa comercial)</subfield>
    <subfield code="9">63715</subfield>
  </datafield>
  <datafield tag="700" ind1="1" ind2="0">
    <subfield code="a">Villa Holgu&#xED;n, A&#xED;da Luz</subfield>
    <subfield code="4">ths</subfield>
    <subfield code="0">(viaf) 311388221</subfield>
    <subfield code="e">ths</subfield>
    <subfield code="9">517718</subfield>
  </datafield>
  <datafield tag="700" ind1="1" ind2="0">
    <subfield code="a">Pati&#xF1;o Garc&#xED;a, Maribel</subfield>
    <subfield code="4">ths</subfield>
    <subfield code="e">ths</subfield>
    <subfield code="9">468401</subfield>
  </datafield>
  <datafield tag="942" ind1=" " ind2=" ">
    <subfield code="c">TESIS</subfield>
  </datafield>
  <datafield tag="999" ind1=" " ind2=" ">
    <subfield code="c">526105</subfield>
    <subfield code="d">526105</subfield>
  </datafield>
  <datafield tag="502" ind1=" " ind2=" ">
    <subfield code="b">178</subfield>
    <subfield code="c">17</subfield>
  </datafield>
  <datafield tag="526" ind1=" " ind2=" ">
    <subfield code="a">180</subfield>
  </datafield>
  <datafield tag="952" ind1=" " ind2=" ">
    <subfield code="0">0</subfield>
    <subfield code="1">0</subfield>
    <subfield code="4">0</subfield>
    <subfield code="7">0</subfield>
    <subfield code="8">TESELEC</subfield>
    <subfield code="a">CENDI</subfield>
    <subfield code="b">CENDI</subfield>
    <subfield code="d">2009-10-26</subfield>
    <subfield code="i">C1071396</subfield>
    <subfield code="l">0</subfield>
    <subfield code="o">PQU 05336</subfield>
    <subfield code="r">2023-04-29 00:00:00</subfield>
    <subfield code="t">1</subfield>
    <subfield code="w">2023-04-29</subfield>
    <subfield code="y">INTER</subfield>
    <subfield code="z">Acceso restringido.</subfield>
  </datafield>
</record>
